| 000 | 01633cam a2200349 a 4500 | ||
|---|---|---|---|
| 001 | 2827 | ||
| 003 | FISKH | ||
| 005 | 20240116140035.0 | ||
| 008 | 000914s2001 nyub 000 1 eng | ||
| 010 | _a 00048193 | ||
| 020 | _a0060199261 (hc : acidfree paper) | ||
| 020 | _a9780007685851 | ||
| 040 |
_aDLC _cDLC _dDLC _dFISKH _beng |
||
| 043 | _ae-ur--- | ||
| 050 | 0 | 0 |
_aPS3569.I48763 _bB7 2001 |
| 082 | 0 | 0 |
_a813/.54 _221 |
| 100 | 1 |
_aSimons, Paullina, _d1963- |
|
| 245 | 1 | 4 |
_aThe bronze horseman : _ba novel / _cPaullina Simons. |
| 260 |
_aNew York : _bFlamingo, _c2001 |
||
| 300 |
_a637 pages : _bmaps ; _c25 cm. |
||
| 520 | _aThe Bronze Horseman is a historical fiction novel written by Paullina Simons and the first book in the Bronze Horseman Trilogy. The book begins on 22 June 1941, the day that Germany invaded the Soviet Union in the Second World War after Operation Barbarossa. Tatiana Metanova, nearly seventeen, meets the handsome and mysterious Red Army officer Alexander Belov.[1] The relationship between Tatiana and Alexander develops against the backdrop of the Siege of Leningrad and in the face of many difficulties. | ||
| 650 | 0 |
_aWorld War, 1939-1945 _zRussia (Federation) _zSaint Petersburg _vFiction. |
|
| 650 | 0 |
_aTriangles (Interpersonal relations) _vFiction. |
|
| 650 | 0 |
_aSisters _vFiction. |
|
| 651 | 0 |
_aSaint Petersburg (Russia) _xHistory _ySiege, 1941-1944 _vFiction. |
|
| 655 | 7 |
_aDomestic fiction. _2lcsh |
|
| 655 | 7 |
_aHistorical fiction. _2gsafd |
|
| 655 | 7 |
_aLove stories. _2gsafd |
|
| 655 | 7 |
_aWar stories. _2gsafd |
|
| 906 |
_a7 _bcbc _corignew _d1 _eocip _f20 _gy-gencatlg |
||
| 942 |
_2ddc _cBK _n0 |
||
| 999 |
_c2827 _d2827 |
||